000 00918cam a2200253 4500
008 010928n2001 000 0 eng u
020 _a1842630393
035 _a(Sirsi) u114906
041 _aeng.
050 _a306.52
100 _aBarlow, J.
245 _aHomes to DIY for : the UK's self-build housing market in the twenty-first century
260 _aYork
_bYork Publishing Services
_c2001
300 _aiv,58p.
_c29cm.
350 _a12.95
520 _aExplores the growth of self-build and suggests it is the result of a number of factors, particularly the entry of relatively well-off households into this market, improvements in the availability of mortgage finance, and a general interest in the notion of self-build.
650 _aSELF-BUILD
650 _aHOUSING MARKET
650 _aHOUSING
690 _aBUILT ENVIRONMENT
700 _aJackson, R.
700 _aMeikle, J.
942 _n0
999 _c101680
_d101680